[Event "4NCL Division 1a"]
[Site "Daventry, ENG"]
[Date "2020.02.29"]
[Round "1.43"]
[White "Gallagher, Daniel GH"]
[Black "Merry, Alan B"]
[Result "0-1"]
[WhiteElo "2177"]
[BlackElo "2418"]
[PlyCount "56"]
[EventDate "2020.02.29"]
[WhiteTeam "Cambridge University 1"]
[BlackTeam "Barbican 4NCL 1"]

1. e4 e6 2. d4 d5 3. Nd2 c5 4. Ngf3 cxd4 5. Nxd4 Nc6 6. Bb5 Bd7 7. Nxc6 bxc6 8.
Bd3 Qc7 9. Qe2 Ne7 10. Nf3 Ng6 11. e5 c5 12. c4 dxc4 13. Bxc4 Rb8 14. O-O Bc6
15. Re1 Be7 16. Ng5 Qb7 17. Ne4 O-O 18. f4 Rfd8 19. f5 exf5 20. Ng5 Bxg5 21.
Bxg5 Re8 22. e6 fxe6 23. Bxe6+ Kh8 24. Qd2 Be4 25. Bd7 Re5 26. Ba4 h6 27. Bf4
Nxf4 28. Qxf4 Qxb2 0-1

[Event "4NCL Division 1a"]
[Site "Daventry, ENG"]
[Date "2020.02.29"]
[Round "1.44"]
[White "Pigott, John C"]
[Black "Lee, Richard W Y"]
[Result "1/2-1/2"]
[WhiteElo "2371"]
[BlackElo "2128"]
[PlyCount "83"]
[EventDate "2020.02.29"]
[WhiteTeam "Barbican 4NCL 1"]
[BlackTeam "Cambridge University 1"]

1. c4 e6 2. Nf3 d5 3. e3 Nf6 4. Nc3 Be7 5. b3 O-O 6. Bb2 b6 7. cxd5 Nxd5 8.
Nxd5 exd5 9. Rc1 c5 10. d4 Be6 11. Ba3 Nd7 12. Bd3 Rc8 13. O-O c4 14. Bxe7 Qxe7
15. bxc4 dxc4 16. Bb1 Bd5 17. Re1 f5 18. Nd2 c3 19. Nf1 b5 20. f3 Qe6 21. Qc2
b4 22. e4 b3 23. axb3 fxe4 24. fxe4 Bxb3 25. Qd3 Qc4 26. Qxc4+ Rxc4 27. Ne3
Rxd4 28. Rxc3 Be6 29. Rc6 Re8 30. Ra6 Nc5 31. Rxa7 Nxe4 32. Nc2 Rd7 33. Rxd7
Bxd7 34. Nd4 Nc3 35. Rxe8+ Bxe8 36. Bd3 Bd7 37. Nf3 h6 38. Kf2 Kf7 39. Ke3 Nd5+
40. Kd4 Nf4 41. Bf1 Kf6 42. g3 1/2-1/2

[Event "4NCL Division 1a"]
[Site "Daventry, ENG"]
[Date "2020.02.29"]
[Round "1.45"]
[White "Stewart, Ashley"]
[Black "Griffiths, Ryan Rhys"]
[Result "0-1"]
[WhiteElo "2142"]
[BlackElo "2354"]
[PlyCount "92"]
[EventDate "2020.02.29"]
[WhiteTeam "Cambridge University 1"]
[BlackTeam "Barbican 4NCL 1"]

1. c4 c5 2. g3 g6 3. Bg2 Bg7 4. Nc3 Nc6 5. Nf3 e6 6. d4 cxd4 7. Nb5 d5 8. cxd5
exd5 9. Nbxd4 Nge7 10. O-O O-O 11. Be3 Re8 12. Qd2 Nf5 13. Nxf5 Bxf5 14. Rad1
Be4 15. Rfe1 Qd7 16. Nd4 Rad8 17. Nxc6 Qxc6 18. Bd4 Bxg2 19. Kxg2 Re4 20. Bxg7
Kxg7 21. Qc3+ Qxc3 22. bxc3 Ra4 23. Rd2 Rc8 24. Rb1 b6 25. Rbb2 Rc5 26. e3 Ra3
27. Rb4 Raxc3 28. Ra4 a5 29. Rad4 Ra3 30. Rxd5 Rxa2 31. Rxc5 Rxd2 32. Rb5 Rd6
33. e4 a4 34. Rb4 a3 35. e5 Rc6 36. Kf3 a2 37. Ra4 Rc2 38. Ra7 Kf8 39. Ke3 b5
40. f4 b4 41. e6 fxe6 42. Kd4 b3 43. Ke5 b2 44. Ra8+ Ke7 45. Ra7+ Kd8 46. Kd6
Rd2+ 0-1

[Event "4NCL Division 1a"]
[Site "Daventry, ENG"]
[Date "2020.02.29"]
[Round "1.46"]
[White "Sowray, Peter J"]
[Black "Webster, Peter A N"]
[Result "1-0"]
[WhiteElo "2285"]
[BlackElo "1884"]
[PlyCount "101"]
[EventDate "2020.02.29"]
[WhiteTeam "Barbican 4NCL 1"]
[BlackTeam "Cambridge University 1"]

1. d4 e6 2. c4 Nf6 3. Nc3 Bb4 4. e3 c5 5. Bd3 Nc6 6. Nf3 Bxc3+ 7. bxc3 d6 8. e4
e5 9. d5 Ne7 10. Nd2 h5 11. h4 Bg4 12. f3 Bd7 13. Rb1 Rb8 14. Nf1 a6 15. Ne3
Qc8 16. g3 g6 17. Rb6 Qc7 18. Rb2 b5 19. Bd2 O-O 20. Qe2 bxc4 21. Rxb8 Rxb8 22.
Nxc4 Bb5 23. O-O Nc8 24. f4 Ng4 25. fxe5 dxe5 26. Ne3 Nxe3 27. Bxe3 Nd6 28. c4
Bd7 29. Qf2 Bh3 30. Re1 f5 31. exf5 e4 32. Be2 Rf8 33. f6 Ne8 34. Bf4 Qa5 35.
Bf1 Bf5 36. Be5 Qb6 37. Qb2 Qxb2 38. Bxb2 Nxf6 39. Bxf6 Rxf6 40. Bg2 Rb6 41.
Bxe4 Bxe4 42. Rxe4 Rb1+ 43. Kf2 Rb2+ 44. Re2 Rb6 45. Ke3 Kf7 46. Ke4 Rb8 47.
Rf2+ Ke7 48. Ke5 Rb6 49. d6+ Kd7 50. Rf7+ Ke8 51. Ke6 1-0

[Event "4NCL Division 1a"]
[Site "Daventry, ENG"]
[Date "2020.02.29"]
[Round "1.48"]
[White "Lauterbach, Ingrid"]
[Black "Lim, Mark"]
[Result "1-0"]
[WhiteElo "2057"]
[BlackElo "1791"]
[PlyCount "127"]
[EventDate "2020.02.29"]
[WhiteTeam "Barbican 4NCL 1"]
[BlackTeam "Cambridge University 1"]

1. e4 d5 2. exd5 Nf6 3. Nf3 Nxd5 4. d4 g6 5. c3 Bg7 6. Bb5+ c6 7. Be2 O-O 8.
O-O Qd6 9. Qd2 Bg4 10. Na3 Nd7 11. h3 Bxf3 12. Bxf3 e6 13. Nc4 Qc7 14. b3 N5f6
15. Ne3 e5 16. d5 cxd5 17. Nxd5 Nxd5 18. Qxd5 Rab8 19. Ba3 Nc5 20. Qxc5 Qxc5
21. Bxc5 Rfe8 22. Bb6 axb6 23. Bd5 Kf8 24. Rae1 f5 25. g4 b5 26. c4 bxc4 27.
bxc4 Rec8 28. gxf5 gxf5 29. Rb1 Ke7 30. Rb6 Rc7 31. Rfb1 e4 32. a4 Bd4 33. Re6+
Kf8 34. a5 Ra8 35. Rb5 Bc3 36. Bxb7 Rxa5 37. Rxa5 Bxa5 38. Re5 Bb6 39. Rxf5+
Rf7 40. Bxe4 h6 41. Kg2 Rxf5 42. Bxf5 Kf7 43. f4 Kf6 44. Bc8 Bc7 45. Kf3 Bb8
46. Ke4 Bc7 47. c5 Bb8 48. f5 Ke7 49. Kd5 Bf4 50. Be6 Bc7 51. Kc6 Ba5 52. Kb7
Bd8 53. Bc8 Ba5 54. c6 Kd8 55. f6 Bc7 56. Bf5 Bd6 57. Bg6 Be5 58. f7 Ke7 59. c7
Bxc7 60. Kxc7 Kf8 61. Kd7 h5 62. Bxh5 Kg7 63. Ke7 Kh7 64. Bg4 1-0

[Event "4NCL Division 1a"]
[Site "Daventry, ENG"]
[Date "2020.03.01"]
[Round "2.11"]
[White "Schneider, Dmitry"]
[Black "McShane, Luke J"]
[Result "0-1"]
[WhiteElo "2461"]
[BlackElo "2680"]
[PlyCount "124"]
[EventDate "2020.03.01"]
[WhiteTeam "Chessable White Rose 1"]
[BlackTeam "Guildford 1"]

1. e4 e5 2. Nf3 Nc6 3. Bc4 Bc5 4. b4 Bxb4 5. c3 Ba5 6. d4 d6 7. Qb3 Qd7 8. O-O
Bb6 9. Nbd2 Na5 10. Qa3 Ne7 11. dxe5 O-O 12. exd6 cxd6 13. Bd3 Ng6 14. Nb3 Ne5
15. Nxe5 dxe5 16. Be2 Nxb3 17. axb3 Qc6 18. Bg5 f6 19. Bc4+ Be6 20. Bxe6+ Qxe6
21. Bd2 Rfd8 22. Qa2 Rd3 23. c4 a6 24. Qc2 Rad8 25. Ba5 Qc6 26. Bxb6 Rd2 27.
Qb1 Qxb6 28. Ra2 R2d3 29. Rb2 h6 30. g3 R8d4 31. Re1 h5 32. h4 Qe6 33. Qc2 Qg4
34. Qe2 Rf3 35. Kh2 g5 36. hxg5 h4 37. Rg1 Rdd3 38. Rg2 hxg3+ 39. fxg3 Qxg5 40.
Rd2 Qh6+ 41. Kg1 Qxd2 42. Qxd2 Rxd2 43. Rxd2 Rxg3+ 44. Kf2 Rxb3 45. Rd7 a5 46.
Rd8+ Kf7 47. Ra8 Rb4 48. Rxa5 Rxc4 49. Kf3 Rc3+ 50. Kg4 Re3 51. Ra4 Kg6 52. Kh4
f5 53. exf5+ Kxf5 54. Ra8 Rb3 55. Rf8+ Ke4 56. Re8 b5 57. Kg5 b4 58. Kf6 Rf3+
59. Ke6 b3 60. Rb8 Kd4 61. Rd8+ Kc3 62. Rc8+ Kd2 0-1

[Event "4NCL Division 1a"]
[Site "Daventry, ENG"]
[Date "2020.03.01"]
[Round "2.12"]
[White "Edouard, Romain"]
[Black "Camacho Collados, Jose"]
[Result "1-0"]
[WhiteElo "2645"]
[BlackElo "2413"]
[PlyCount "81"]
[EventDate "2020.03.01"]
[WhiteTeam "Guildford 1"]
[BlackTeam "Chessable White Rose 1"]

1. c4 c5 2. Nf3 Nf6 3. b3 g6 4. Bb2 Bg7 5. g3 b6 6. Bg2 Bb7 7. O-O O-O 8. d4
cxd4 9. Qxd4 Na6 10. Nc3 Nc5 11. Qe3 Rc8 12. Rad1 Re8 13. Nd4 Bxg2 14. Kxg2 Qc7
15. Qf3 Qb7 16. Qxb7 Nxb7 17. e4 d6 18. Rfe1 Nd7 19. Re2 Ne5 20. f4 Nc6 21. Nd5
Nxd4 22. Bxd4 Bxd4 23. Rxd4 Kg7 24. f5 f6 25. g4 g5 26. h4 gxh4 27. Rd1 Nd8 28.
Nf4 Nf7 29. Ne6+ Kh8 30. Kh3 Rg8 31. Kxh4 Ng5 32. Nd4 Rg7 33. Re3 Rcg8 34. Rg1
h6 35. Ne2 h5 36. gxh5 Kh7 37. Rgg3 e5 38. Nc3 Kh6 39. Nd5 Nh7 40. Rg6+ Rxg6
41. fxg6 1-0

[Event "4NCL Division 1a"]
[Site "Daventry, ENG"]
[Date "2020.03.01"]
[Round "2.13"]
[White "Adair, James R"]
[Black "Howell, David W L"]
[Result "0-1"]
[WhiteElo "2451"]
[BlackElo "2665"]
[PlyCount "81"]
[EventDate "2020.03.01"]
[WhiteTeam "Chessable White Rose 1"]
[BlackTeam "Guildford 1"]

1. e4 e6 2. d4 d5 3. Nd2 c5 4. Ngf3 cxd4 5. Nxd4 Nc6 6. Bb5 Bd7 7. Nxc6 Bxc6 8.
Bxc6+ bxc6 9. c4 Qa5 10. Qc2 Qa6 11. b3 Nf6 12. Bb2 Be7 13. O-O O-O 14. Rae1
Rfd8 15. Re3 d4 16. Rd3 e5 17. Nf3 Nd7 18. Rdd1 Rab8 19. Bc1 Bb4 20. Bd2 Bxd2
21. Rxd2 f6 22. Ne1 Nc5 23. Kh1 Qa3 24. f4 exf4 25. Rxf4 Re8 26. Kg1 Rbd8 27.
Rd1 a5 28. Qb1 Qb4 29. Nd3 Nxd3 30. Rxd3 a4 31. Qd1 axb3 32. axb3 c5 33. Rg3
Qb6 34. Qh5 Re7 35. Rh4 g6 36. Qe2 Re5 37. Qd2 Rd7 38. Qh6 Rg7 39. Rf4 Rh5 40.
e5 Rxh6 41. Rxf6 0-1

[Event "4NCL Division 1a"]
[Site "Daventry, ENG"]
[Date "2020.03.01"]
[Round "2.14"]
[White "Jones, Gawain C B"]
[Black "Chow, Samuel"]
[Result "1/2-1/2"]
[WhiteElo "2681"]
[BlackElo "2326"]
[PlyCount "134"]
[EventDate "2020.03.01"]
[WhiteTeam "Guildford 1"]
[BlackTeam "Chessable White Rose 1"]

1. e4 e6 2. d4 d5 3. e5 c5 4. c3 Nc6 5. Nf3 Bd7 6. Be2 f6 7. O-O Qc7 8. Bf4
O-O-O 9. Re1 h6 10. Na3 g5 11. Nb5 Qb8 12. Bg3 f5 13. dxc5 f4 14. Bxf4 gxf4 15.
b4 Nxe5 16. Nxa7+ Qxa7 17. Nxe5 Nf6 18. Qd4 Rg8 19. a4 Ne4 20. c6 Qxd4 21.
cxd7+ Rxd7 22. cxd4 Bxb4 23. Nxd7 Bxe1 24. Nb6+ Kc7 25. Nxd5+ exd5 26. Rxe1 Kd6
27. Rc1 Ra8 28. Bb5 Ng5 29. Rb1 Ne6 30. Rb4 Rc8 31. Bf1 Rc1 32. Rb6+ Kd7 33.
Rxb7+ Kc6 34. Rb4 Rd1 35. f3 Nxd4 36. Kf2 Kc5 37. Rb2 Ra1 38. Bb5 Ra3 39. Be8
Re3 40. Bd7 Re7 41. Bg4 Ra7 42. Ra2 Kb4 43. g3 Kb3 44. Ra1 fxg3+ 45. hxg3 Kb2
46. Rh1 Rxa4 47. Rxh6 Kc3 48. Rd6 Ra2+ 49. Ke3 Nc2+ 50. Kf4 d4 51. Bf5 Ne1 52.
g4 d3 53. g5 Ra4+ 54. Ke3 Nc2+ 55. Kf2 Nd4 56. Bxd3 Kxd3 57. g6 Kc4 58. Rf6 Ra8
59. Kg3 Kd5 60. Kg4 Ke5 61. Rf7 Ra1 62. f4+ Ke6 63. Rb7 Rg1+ 64. Kh5 Rh1+ 65.
Kg5 Rg1+ 66. Kh5 Rh1+ 67. Kg5 Rg1+ 1/2-1/2

[Event "4NCL Division 1a"]
[Site "Daventry, ENG"]
[Date "2020.03.01"]
[Round "2.15"]
[White "Palliser, Richard J D"]
[Black "Pert, Nicholas"]
[Result "1/2-1/2"]
[WhiteElo "2402"]
[BlackElo "2549"]
[PlyCount "27"]
[EventDate "2020.03.01"]
[WhiteTeam "Chessable White Rose 1"]
[BlackTeam "Guildford 1"]

1. d4 Nf6 2. Bg5 d5 3. Bxf6 gxf6 4. c4 dxc4 5. e3 Rg8 6. Nc3 Nd7 7. Qh5 Nb6 8.
Qxh7 Rg6 9. O-O-O Bf5 10. e4 Bg4 11. Be2 Rh6 12. Qg8 Rg6 13. Qh7 Rh6 14. Qg8
1/2-1/2

[Event "4NCL Division 1a"]
[Site "Daventry, ENG"]
[Date "2020.03.01"]
[Round "2.16"]
[White "Lamard, Guillaume"]
[Black "Wells, Peter K"]
[Result "1-0"]
[WhiteElo "2472"]
[BlackElo "2394"]
[PlyCount "91"]
[EventDate "2020.03.01"]
[WhiteTeam "Guildford 1"]
[BlackTeam "Chessable White Rose 1"]

1. Nf3 Nf6 2. c4 e6 3. Nc3 Bb4 4. Qc2 O-O 5. a3 Bxc3 6. Qxc3 b6 7. b4 d6 8. Bb2
c5 9. e3 e5 10. d3 Re8 11. Be2 Nc6 12. O-O a5 13. b5 Ne7 14. Nd2 Bb7 15. e4 Ng6
16. g3 Nf8 17. f4 Ne6 18. Rae1 Nd4 19. Nf3 Bc8 20. Nxd4 exd4 21. Qd2 Bg4 22.
Qd1 Bxe2 23. Rxe2 Ra7 24. Rg2 Rae7 25. Bc1 Nxe4 26. dxe4 Rxe4 27. f5 d5 28. f6
dxc4 29. fxg7 d3 30. Bb2 Re2 31. Bc3 Rxg2+ 32. Kxg2 Re2+ 33. Rf2 Qd5+ 34. Kg1
Re6 35. Qf3 Qxf3 36. Rxf3 f6 37. g4 h6 38. h4 Rd6 39. Rf2 Kxg7 40. Rxf6 Rxf6
41. g5 hxg5 42. hxg5 Kg6 43. gxf6 d2 44. Bxd2 Kxf6 45. Bc3+ Kf5 46. Kf2 1-0

[Event "4NCL Division 1a"]
[Site "Daventry, ENG"]
[Date "2020.03.01"]
[Round "2.17"]
[White "Townsend, M Paul"]
[Black "Socko, Monika"]
[Result "0-1"]
[WhiteElo "2217"]
[BlackElo "2419"]
[PlyCount "62"]
[EventDate "2020.03.01"]
[WhiteTeam "Chessable White Rose 1"]
[BlackTeam "Guildford 1"]

1. Nf3 d5 2. g3 Nc6 3. Bg2 e5 4. d3 f6 5. a3 Be6 6. b4 Qd7 7. Nbd2 Nh6 8. Bb2
Be7 9. c4 O-O 10. cxd5 Bxd5 11. O-O Rad8 12. Rc1 Nf7 13. Qc2 Rc8 14. Nb3 Rfd8
15. Rfd1 Qe6 16. Nbd2 Qd7 17. e4 Be6 18. Nb3 Bg4 19. d4 exd4 20. Nbxd4 Nxd4 21.
Rxd4 Bd6 22. Nd2 Qe6 23. f3 c5 24. Rxd6 Nxd6 25. fxg4 cxb4 26. Qb1 Nb5 27. Rxc8
Qxc8 28. Qa2+ Kh8 29. Qc4 bxa3 30. Qxb5 axb2 31. Qxb2 Qc5+ 0-1

[Event "4NCL Division 1a"]
[Site "Daventry, ENG"]
[Date "2020.03.01"]
[Round "2.18"]
[White "Hebden, Mark L"]
[Black "Sucikova, Svetlana"]
[Result "1-0"]
[WhiteElo "2439"]
[BlackElo "2160"]
[PlyCount "57"]
[EventDate "2020.03.01"]
[WhiteTeam "Guildford 1"]
[BlackTeam "Chessable White Rose 1"]

1. e4 c6 2. d4 d5 3. exd5 cxd5 4. c4 Nf6 5. Nc3 e6 6. Nf3 Bb4 7. cxd5 Nxd5 8.
Bd2 Nc6 9. Bd3 O-O 10. O-O Be7 11. a3 Bf6 12. Qe2 g6 13. Bh6 Re8 14. Rad1 b6
15. Rfe1 Bb7 16. Bc4 Nxc3 17. bxc3 Na5 18. Ba2 Rc8 19. c4 Bxf3 20. Qxf3 Nxc4
21. d5 e5 22. d6 Re6 23. d7 Rc7 24. a4 Be7 25. Re4 Rf6 26. Qe2 Na3 27. Rxe5 Rc2
28. Qxc2 Nxc2 29. Rxe7 1-0

[Event "4NCL Division 1a"]
[Site "Daventry, ENG"]
[Date "2020.03.01"]
[Round "2.21"]
[White "Turner, Matthew J"]
[Black "Haria, Ravi"]
[Result "1/2-1/2"]
[WhiteElo "2516"]
[BlackElo "2453"]
[PlyCount "72"]
[EventDate "2020.03.01"]
[WhiteTeam "Barbican 4NCL 1"]
[BlackTeam "Wood Green"]

1. d4 e6 2. c4 d5 3. Nc3 a6 4. cxd5 exd5 5. Nf3 Nf6 6. Bg5 Be6 7. e3 Nbd7 8.
Bd3 h6 9. Bf4 g5 10. Bg3 Nh5 11. e4 Nxg3 12. hxg3 c6 13. exd5 cxd5 14. Qe2 Bg7
15. Nxd5 Qa5+ 16. Nc3 g4 17. Nh4 Bxd4 18. O-O O-O-O 19. Bc4 Bxc4 20. Qxc4+ Qc5
21. Qb3 Kb8 22. Rad1 Nb6 23. Ne2 Bf6 24. Rc1 Qb5 25. Qxf7 Bxh4 26. Nc3 Qc4 27.
Qxc4 Nxc4 28. gxh4 Nxb2 29. Rc2 Rc8 30. Rxb2 Rxc3 31. Rfb1 Rh7 32. h5 Rc5 33.
Rb6 Rxh5 34. Rxa6 Rf5 35. Rab6 h5 36. R6b5 Rhf7 1/2-1/2

[Event "4NCL Division 1a"]
[Site "Daventry, ENG"]
[Date "2020.03.01"]
[Round "2.22"]
[White "Tan, Justin"]
[Black "Merry, Alan B"]
[Result "0-1"]
[WhiteElo "2511"]
[BlackElo "2418"]
[PlyCount "82"]
[EventDate "2020.03.01"]
[WhiteTeam "Wood Green"]
[BlackTeam "Barbican 4NCL 1"]

1. Nf3 d5 2. e3 Nf6 3. c4 e6 4. Nc3 b6 5. b3 Bb7 6. Bb2 a6 7. Qc2 Nbd7 8. Be2
Bd6 9. cxd5 exd5 10. O-O O-O 11. Rac1 Qe7 12. Rfe1 c5 13. d4 Rfe8 14. Qf5 Rac8
15. Bd3 c4 16. bxc4 dxc4 17. Bb1 g6 18. Qh3 b5 19. e4 b4 20. e5 bxc3 21. exf6
Qf8 22. Bxc3 Nxf6 23. Ne5 Bb4 24. Qh4 Nd5 25. Bxb4 Qxb4 26. Be4 Qe7 27. Qh6 Nf6
28. Bxb7 Qxb7 29. Qf4 Nh5 30. Qd2 Qd5 31. Re3 Nf4 32. Nf3 Qf5 33. g3 Rxe3 34.
Qxe3 Nd5 35. Qa3 Rb8 36. Ne5 c3 37. Qd6 Rb1 38. Rxb1 Qxb1+ 39. Kg2 Qe4+ 40. f3
Qe2+ 41. Kh3 Ne3 0-1

[Event "4NCL Division 1a"]
[Site "Daventry, ENG"]
[Date "2020.03.01"]
[Round "2.24"]
[White "Harvey, Marcus R"]
[Black "Pigott, John C"]
[Result "1-0"]
[WhiteElo "2435"]
[BlackElo "2371"]
[PlyCount "109"]
[EventDate "2020.03.01"]
[WhiteTeam "Wood Green"]
[BlackTeam "Barbican 4NCL 1"]

1. c4 e5 2. Nc3 d6 3. g3 f5 4. d4 Be7 5. Bg2 c6 6. dxe5 dxe5 7. Qc2 Nf6 8. Bg5
O-O 9. Nf3 e4 10. Rd1 Qe8 11. Nd4 Qh5 12. Bf4 Na6 13. f3 exf3 14. exf3 Qf7 15.
b3 Re8 16. O-O g6 17. Be3 Nc5 18. Rfe1 Bd7 19. Kh1 a5 20. Bg1 Bf8 21. f4 Rxe1
22. Rxe1 Re8 23. Rxe8 Qxe8 24. Nf3 Bc8 25. Ne5 Nfd7 26. Nf3 Qe7 27. Bd4 Ne6 28.
Bf2 Qb4 29. Be1 Qd6 30. Na4 b6 31. Bf2 c5 32. Qe2 Bg7 33. Qd2 Qxd2 34. Nxd2 Nd8
35. Bd5+ Kh8 36. Nb1 Bb7 37. Nbc3 Bxc3 38. Nxc3 Kg7 39. Be1 Kf6 40. Kg2 Bxd5+
41. Nxd5+ Ke6 42. Nxb6 Nxb6 43. Bxa5 Nxc4 44. Bxd8 Nd2 45. Kf2 Kd5 46. Ke2 Ne4
47. Ke3 Kc6 48. a4 Kd7 49. Ba5 Kc6 50. b4 cxb4 51. Bxb4 Nf6 52. Kd4 Ng4 53. h4
Nf2 54. Be1 Ne4 55. Ke5 1-0

[Event "4NCL Division 1a"]
[Site "Daventry, ENG"]
[Date "2020.03.01"]
[Round "2.25"]
[White "Taylor, Martin R"]
[Black "McPhillips, Joseph"]
[Result "1-0"]
[WhiteElo "2323"]
[BlackElo "2443"]
[PlyCount "71"]
[EventDate "2020.03.01"]
[WhiteTeam "Barbican 4NCL 1"]
[BlackTeam "Wood Green"]

1. d4 d6 2. e4 Nf6 3. f3 d5 4. e5 Nfd7 5. c4 dxc4 6. Bxc4 e6 7. f4 Nb6 8. Bb3
c5 9. Nf3 cxd4 10. Qxd4 Bd7 11. O-O Na6 12. Qf2 Nc5 13. Nc3 Nxb3 14. axb3 Be7
15. Be3 Nd5 16. Nxd5 exd5 17. Bxa7 O-O 18. Bc5 Rxa1 19. Rxa1 Bf5 20. Rd1 Be4
21. Ng5 Qc7 22. Bxe7 Qxe7 23. Nxe4 dxe4 24. Qd4 Qe6 25. Qxe4 Qxb3 26. Qd4 g6
27. h3 Rc8 28. Rd3 Qe6 29. Rc3 Ra8 30. Kh2 h5 31. Qe4 Qb6 32. f5 Ra1 33. fxg6
fxg6 34. Qc4+ Kf8 35. Rf3+ Ke7 36. Qf7+ 1-0

[Event "4NCL Division 1a"]
[Site "Daventry, ENG"]
[Date "2020.03.01"]
[Round "2.26"]
[White "Greet, Andrew N"]
[Black "Rogers, Jonathan W"]
[Result "1/2-1/2"]
[WhiteElo "2419"]
[BlackElo "2335"]
[PlyCount "127"]
[EventDate "2020.03.01"]
[WhiteTeam "Wood Green"]
[BlackTeam "Barbican 4NCL 1"]

1. Nf3 Nc6 2. c4 e5 3. Nc3 f5 4. d4 e4 5. d5 exf3 6. dxc6 fxg2 7. cxd7+ Qxd7 8.
Qxd7+ Bxd7 9. Bxg2 O-O-O 10. Be3 Ne7 11. O-O-O Nc6 12. Nb5 a6 13. Bxc6 bxc6 14.
Nc3 Bd6 15. Na4 Be6 16. b3 Rhe8 17. Bd4 Bf7 18. Rd2 Bf4 19. e3 Bh6 20. f4 g5
21. Be5 g4 22. Rxd8+ Kxd8 23. Kd2 Bf8 24. Ke2 h5 25. Nc3 Be7 26. Kf2 h4 27. Ne2
c5 28. Nc3 Kd7 29. Rd1+ Kc6 30. Nd5 Bd6 31. Bf6 h3 32. Nc3 Re6 33. Bh4 Rh6 34.
Bg3 Bg6 35. Ke1 Rh8 36. Rd3 Be7 37. Rd5 Re8 38. Kd2 Bf6 39. Nd1 Rd8 40. Rxd8
Bxd8 41. Nf2 Bf6 42. e4 Bd4 43. e5 Be8 44. Nd1 Bf7 45. Ne3 Be6 46. Nc2 Bg1 47.
Ke2 Kb6 48. Kf1 Bd4 49. Bf2 Bb2 50. Ke2 Bc1 51. Ne3 Kc6 52. Kd3 Bf7 53. Bg3 Be6
54. Nd1 Bf7 55. Kc2 Ba3 56. Ne3 Be6 57. Bf2 Bb4 58. Nf1 Ba3 59. Ng3 Kd7 60. Be1
Ke7 61. Bc3 Bd7 62. Bb2 Bb4 63. Bc3 Ba3 64. Bb2 1/2-1/2

[Event "4NCL Division 1a"]
[Site "Daventry, ENG"]
[Date "2020.03.01"]
[Round "2.27"]
[White "Griffiths, Ryan Rhys"]
[Black "McDonald, Neil"]
[Result "0-1"]
[WhiteElo "2354"]
[BlackElo "2410"]
[PlyCount "120"]
[EventDate "2020.03.01"]
[WhiteTeam "Barbican 4NCL 1"]
[BlackTeam "Wood Green"]

1. d4 f5 2. Bg5 g6 3. Nc3 Bg7 4. e4 fxe4 5. Nxe4 d5 6. Ng3 c5 7. Nf3 Nc6 8.
dxc5 Qa5+ 9. c3 Qxc5 10. h4 Bg4 11. Be2 Nf6 12. Nd4 Nxd4 13. cxd4 Bxe2 14. Qxe2
Qxd4 15. O-O O-O 16. Rad1 Qb6 17. h5 e6 18. hxg6 hxg6 19. Rd3 Qa6 20. Rc1 Rac8
21. Rxc8 Rxc8 22. Bxf6 Bxf6 23. Qe3 Kg7 24. Ra3 Qc6 25. Rxa7 Rc7 26. b4 Qc4 27.
Ra8 Qg4 28. Ne2 d4 29. Qd3 Qf5 30. Ra3 Qxd3 31. Rxd3 e5 32. f3 Rc2 33. Ng3 Rxa2
34. Rb3 Bg5 35. Ne4 Be3+ 36. Kh2 b6 37. b5 Ra1 38. Nd6 Rc1 39. g3 Rc2+ 40. Kh3
Kf6 41. Kg4 Ke6 42. Ne4 Kd5 43. Rd3 Kc4 44. Rd1 Kxb5 45. f4 exf4 46. gxf4 Kc4
47. f5 gxf5+ 48. Kxf5 Rb2 49. Nf6 Rf2+ 50. Ke5 d3 51. Ne4 Bd4+ 52. Ke6 Re2 53.
Kf5 Bc5 54. Ke5 Bb4 55. Rc1+ Rc2 56. Rh1 Bc3+ 57. Kf4 d2 58. Nf2 Rc1 59. Nd1
Bd4 60. Ke4 b5 0-1

[Event "4NCL Division 1a"]
[Site "Daventry, ENG"]
[Date "2020.03.01"]
[Round "2.31"]
[White "Kantans, Toms"]
[Black "Gordon, Stephen J"]
[Result "1/2-1/2"]
[WhiteElo "2499"]
[BlackElo "2503"]
[PlyCount "139"]
[EventDate "2020.03.01"]
[WhiteTeam "Celtic Tigers 1"]
[BlackTeam "3Cs 1"]

1. e4 c5 2. Nf3 d6 3. d4 cxd4 4. Nxd4 Nf6 5. Nc3 a6 6. Bg5 e6 7. f4 Qb6 8. Bxf6
gxf6 9. Qd2 Qxb2 10. Nb3 Qa3 11. Be2 h5 12. O-O Nc6 13. Nb1 Qb4 14. Qe3 Ne7 15.
c4 f5 16. a3 Qa4 17. Nc3 Qc6 18. Rac1 Bg7 19. Bd3 Kf8 20. c5 dxc5 21. Nxc5 b6
22. N5a4 Bb7 23. Rf2 Bxc3 24. Nxc3 Qc5 25. Qxc5 bxc5 26. exf5 Rd8 27. Bb1 Nxf5
28. Na4 Kg7 29. Nxc5 Bc8 30. Rb2 Rd4 31. Rb8 Rhd8 32. Bxf5 exf5 33. Kf2 Kf6 34.
Ke3 R4d6 35. Rc2 Re8+ 36. Kf2 Red8 37. Kg3 Be6 38. Rxd8 Rxd8 39. Kh4 Rc8 40. g3
Ke7 41. Rc3 f6 42. Kh3 a5 43. Kh4 Bd5 44. h3 Be6 45. Na4 Rxc3 46. Nxc3 Bf7 47.
Nd1 Bg6 48. Ne3 a4 49. Nd5+ Ke6 50. Nc7+ Kd6 51. Nb5+ Ke6 52. g4 fxg4 53. hxg4
hxg4 54. Kxg4 Bd3 55. Nc3 Bc2 56. Kf3 Kd6 57. Ke3 Ke6 58. Na2 Bb3 59. Nb4 Bd1
60. Ke4 Bh5 61. Na6 Bg6+ 62. Kd4 Kf5 63. Ke3 Be8 64. Nb4 Ke6 65. Ke4 Bg6+ 66.
Kd4 Kf5 67. Ke3 Ke6 68. Na2 Be8 69. Nc3 Bc6 70. Kd4 1/2-1/2

[Event "4NCL Division 1a"]
[Site "Daventry, ENG"]
[Date "2020.03.01"]
[Round "2.32"]
[White "Ashton, Adam G"]
[Black "Reimanis, Ritvars"]
[Result "1/2-1/2"]
[WhiteElo "2376"]
[BlackElo "2375"]
[PlyCount "26"]
[EventDate "2020.03.01"]
[WhiteTeam "3Cs 1"]
[BlackTeam "Celtic Tigers 1"]

1. e4 c5 2. Nf3 Nc6 3. c3 Nf6 4. e5 Nd5 5. Bc4 Nb6 6. Bb3 d6 7. exd6 e6 8. d4
Bxd6 9. O-O O-O 10. Re1 Qc7 11. dxc5 Bxc5 12. Nbd2 Be7 13. Ne4 Nd7 1/2-1/2

[Event "4NCL Division 1a"]
[Site "Daventry, ENG"]
[Date "2020.03.01"]
[Round "2.33"]
[White "Kvetny, Mark"]
[Black "Abbas, Daniel"]
[Result "1-0"]
[WhiteElo "2420"]
[BlackElo "2312"]
[PlyCount "93"]
[EventDate "2020.03.01"]
[WhiteTeam "Celtic Tigers 1"]
[BlackTeam "3Cs 1"]

1. d4 Nf6 2. Nf3 e6 3. Bf4 c5 4. e3 d5 5. Nbd2 Nc6 6. c3 Bd6 7. Bg3 O-O 8. Bb5
Qe7 9. Bxc6 bxc6 10. Qa4 Bb7 11. Qa3 Nd7 12. Bxd6 Qxd6 13. Nb3 f6 14. Nxc5 Nxc5
15. Qxc5 Qxc5 16. dxc5 e5 17. b4 a5 18. a4 Ba6 19. Kd2 Rfb8 20. Rhb1 Kf7 21.
Ne1 Bc4 22. Nc2 Ke7 23. Na3 axb4 24. Nxc4 bxc3+ 25. Kxc3 Rxb1 26. Rxb1 dxc4 27.
Ra1 Kd7 28. a5 Kc7 29. a6 h5 30. h4 Ra7 31. Kxc4 Ra8 32. Ra3 Ra7 33. Kd3 Ra8
34. Ke4 g6 35. a7 Kb7 36. Rb3+ Kc7 37. Ra3 Kb7 38. Rd3 Rxa7 39. Rd7+ Kb8 40.
Rxa7 Kxa7 41. f4 exf4 42. exf4 Ka6 43. f5 gxf5+ 44. Kxf5 Kb5 45. g4 hxg4 46.
Kxg4 Kxc5 47. h5 1-0

[Event "4NCL Division 1a"]
[Site "Daventry, ENG"]
[Date "2020.03.01"]
[Round "2.34"]
[White "Horton, Jamie A"]
[Black "Sieciechowicz, Marcin"]
[Result "0-1"]
[WhiteElo "2209"]
[BlackElo "2377"]
[PlyCount "132"]
[EventDate "2020.03.01"]
[WhiteTeam "3Cs 1"]
[BlackTeam "Celtic Tigers 1"]

1. d4 Nf6 2. c4 g6 3. Nc3 d5 4. Nf3 Bg7 5. Qb3 dxc4 6. Qxc4 O-O 7. e4 Nc6 8.
Be2 Bg4 9. d5 Na5 10. Qb4 Bxf3 11. Bxf3 c6 12. O-O Qb6 13. Qa4 Nd7 14. Rd1 Rfd8
15. g3 Nc5 16. Qc2 Nc4 17. Bg2 Qb4 18. Rb1 h6 19. a3 Qb3 20. Qxb3 Nxb3 21. Bf1
Nd6 22. Be3 c5 23. f3 c4 24. Ne2 b5 25. Nd4 Nxd4 26. Bxd4 Bxd4+ 27. Rxd4 Rac8
28. Rc1 Nb7 29. Kf2 e5 30. Rdd1 Nc5 31. Ke3 Kg7 32. f4 f6 33. Be2 Re8 34. Bf3
f5 35. fxe5 Rxe5 36. Kf4 Kf6 37. Ke3 fxe4 38. Bg4 Rd8 39. d6 Nd3 40. Rf1+ Kg7
41. d7 Nxc1 42. Rxc1 h5 43. Bh3 g5 44. Kd4 Re7 45. Bf5 e3 46. Kd5 Rexd7+ 47.
Bxd7 Rxd7+ 48. Kc6 Rd2 49. Kxb5 Rxb2+ 50. Kxc4 Rxh2 51. Kd3 Ra2 52. Kxe3 Rxa3+
53. Kf2 a5 54. Rc6 a4 55. Ra6 g4 56. Kg2 Ra2+ 57. Kg1 a3 58. Kh1 Kf7 59. Kg1
Ke7 60. Kh1 Kd7 61. Kg1 Kc7 62. Kh1 Kb7 63. Ra4 Kb6 64. Rb4+ Ka5 65. Rb3 Ka4
66. Re3 Rc2 0-1